00480nam a2200121Ia 4500008004100000245010400041245003800145260000900183650002600192856004800218999001900266952007300285171211s9999 xx 000 0 und d aMutiny and Aftermath: James Morrison's Account of the Mutiny on the Bounty and the Island of Tahiti cNicholas Thomas and Vanessa Smith c2013 xFamily and Friendship uhttp://down.ebook777.com/035/0824836766.pdf c350248d350248 001040aCLbCLd2017-12-11l0r2017-12-11 00:00:00w2017-12-11yCBE